Ariana Grande Lyrics to Song - Click Quiz - Statistics

General Stats
  • This quiz has been taken 672 times
  • The average score is 13 of 24
Answer Stats
Hint Answer % Correct
Been waitin' and waitin' for you to make a move (Ooh) Into You
70%
Feel my blood runnin', swear the sky's fallin' breathin
67%
Click, click, click and post, drip-drip-dripped in gold imagine
66%
Can't you forgive me? At least just temporarily One Last Time
66%
I get everything I want 'cause I attract it just like magic
65%
Boy, come on, put your lipstick on yes, and?
64%
Are you down? What's up? six thirty
59%
I'll play the villain if you need me to true story
59%
Baby, pardon my French, but could you speak in tongues? love language
58%
Tell me somethin' I need to know Love Me Harder
58%
This love's possessin' me, but I don't mind at all supernatural
58%
Oh I don't have you here with me, but at least I have the memory Thinking Bout You
57%
I'll be the first to say, "I'm sorry" eternal sunshine
56%
One of these days, you'll miss your train and come stay with me goodnight n go
56%
Usually don't let people touch it, but tonight, you get a pass my hair
55%
He's giving me Elvis with some James Dean in his eyes Moonlight
52%
I can tell you're curious, it's written on your lips Focus
51%
Kiss me, boy, and drive me crazy Be My Baby
48%
You'll be my rise and shine soon as them stars align, mmm NASA
44%
On a scale of one to ten, I'm at a hundred The Way
43%
But if you woulda manned up, put your hand up, stand up You'll Never Know
43%
How 'bout we take a little bit of time away? bad idea
39%
Think I heard some wedding bells, shh, keep it to yourself R.E.M
38%
I don't need a phone call, got nothing to say Greedy
35%
No matching quizzes found
Score Distribution
Percent of People with Each Score
Percentile by Number Answered
Your Score History
You have not taken this quiz